काशी के प्रमुख व्रत और तीर्थ स्नान/ (Record no. 202496)

MARC details
000 -LEADER
fixed length control field 00956nam a22002057a 4500
005 - DATE AND TIME OF LATEST TRANSACTION
control field 20240521104550.0
010 ## - LCCN (DPL NO)
LC control number HIN-127573
020 ## - INTERNATIONAL STANDARD BOOK NUMBER
International Standard Book Number 9788195477838
Terms of availability 500.00
035 ## - SYSTEM CONTROL NUMBER
System control number HN-99919
037 ## - SOURCE OF ACQUISITION
Source of stock number/acquisition DBAD
082 ## - DEWEY DECIMAL CLASSIFICATION NUMBER
Classification number 230
100 ## - MAIN ENTRY--PERSONAL NAME
Personal name चतुर्वेदी, यतीन्द्र नाथ
245 ## - TITLE STATEMENT
Title काशी के प्रमुख व्रत और तीर्थ स्नान/
Statement of responsibility, etc यतीन्द्र नाथ चतुर्वेदी
250 ## - EDITION STATEMENT
Edition statement 1
260 ## - PUBLICATION, DISTRIBUTION, ETC. (IMPRINT)
Place of publication, distribution, etc वाराणसी (उ.प्र.)
Name of publisher, distributor, etc अक्षर प्लांट
Date of publication, distribution, etc 2023
270 ## - ADDRESS
Address चतुर्थतल 3/16 आवास विकास कालोनी दुर्गाकुण्ड
City वाराणसी (उ.प्र.)
Postal code 221005
300 ## - PHYSICAL DESCRIPTION
Extent 144पृ;
Dimensions 21सेमी (साजिल्द)
650 ## - SUBJECT ADDED ENTRY--TOPICAL TERM
Topical term or geographic name as entry element हिन्दी
942 ## - ADDED ENTRY ELEMENTS (KOHA)
Institution code [OBSOLETE] dpl
Item type Hindi Books
Source of classification or shelving scheme Dewey Decimal Classification
Classification part 230
Call number suffix चतुर्वे
Holdings
Withdrawn status Lost status Not for loan Collection code Home library Current library Date acquired Source of acquisition Cost, normal purchase price Full call number Barcode Copy number Cost, replacement price Koha item type
      Non-fiction Ashok Vihar Ashok Vihar 01/05/2024 DBAD 500.00 230 चतुर्वे HN-99919 1 500.00 Hindi Books

© Delhi Public Library
Hit Counter
free hit counter